000 00397cam a22001097a 4500
008 180718b1975 xxu||||| |||| 00| 0 eng d
082 _aT34 Un3
245 _aMarketing management and strategy for the developing world
_cby United Nations Industrial Development Organization
260 _aNew York
_bUnited Nations
_c1975
300 _a45p
700 _aUnited Nations Industrial Development Organization
999 _c497882
_d497882